| 000 | 01115cam a2200313 a 4500 | ||
|---|---|---|---|
| 001 | 16582634 | ||
| 003 | OSt | ||
| 005 | 20150408113955.0 | ||
| 008 | 111208s2010 enka b 001 0aeng | ||
| 010 | _a 2010525172 | ||
| 020 | _a9780199576968 (pbk. : acidfree paper) | ||
| 040 |
_aDLC _cMU _dDLC |
||
| 050 | 0 | 0 |
_aPR4168 _b.A44 2010 |
| 082 | 0 | 0 |
_a823.8 C B S _222 |
| 100 | 1 |
_aBrontë, Charlotte, _d1816-1855. _97377 |
|
| 240 | 1 | 0 |
_aCorrespondence. _kSelections |
| 245 | 1 | 0 |
_aSelected letters / _cCharlotte Brontë ; Margaret Smith, editor. |
| 246 | 3 | _aCharlotte Brontë, selected letters | |
| 260 |
_aOxford ; _aNew York : _bOxford University Press, _c2010. |
||
| 300 |
_axliv, 273 p. : _bill. ; _c24 cm. |
||
| 490 | 0 | _aOxford world's classics | |
| 504 | _aIncludes bibliographical references and index. | ||
| 600 | 1 | 0 |
_aBrontë, Charlotte, _d1816-1855 _vCorrespondence. _97378 |
| 650 | 0 |
_aNovelists, English _y19th century _vCorrespondence. |
|
| 700 | 1 |
_aSmith, Margaret, _d1931- _97379 |
|
| 906 |
_a7 _bcbc _corignew _d2 _encip _f20 _gy-gencatlg |
||
| 942 |
_2ddc _cDVD |
||
| 999 |
_c19451 _d253951 |
||